Diseño de un sistema de gestión de las operaciones del CEDI XYZ
Enregistré dans:
| Auteur principal: | |
|---|---|
| Autres auteurs: | , |
| Format: | Livre |
| Langue: | Spanish |
| Publié: |
2018
[San José , Costa Rica]
|
| Sujets: | |
| Tags: |
Ajouter un tag
Pas de tags, Soyez le premier à ajouter un tag!
|
MARC
| LEADER | 00000nam a22000007a 4500 | ||
|---|---|---|---|
| 003 | 012872 | ||
| 005 | 20240208133650.0 | ||
| 008 | 180607b2018 cr a|||| |m|||00| ||spa d | ||
| 040 | |c cru CEDI | ||
| 090 | |a TFG 8023 | ||
| 100 | |a Rojas Abarca, Efraín, 1990- |9 2360 | ||
| 245 | |a Diseño de un sistema de gestión de las operaciones del CEDI XYZ | ||
| 260 | |b [San José , Costa Rica] |a 2018 | ||
| 300 | |a x, 229 hojas :ilustraciones a color | ||
| 500 | |a Proyecto de graduación (licenciatura en ingeniería industrial)--Universidad de Costa Rica. Facultad de Ingeniería. Escuela de Ingeniería Industrial | ||
| 501 | |a Directora de Proyecto de Graduación: Ing. Paola Gamboa Hernández | ||
| 650 | |x CONTROL DE INVENTARIOS |x CONTROL DE PROCESOS |x ADMINISTRACION DE LA PRODUCCION |x LOGISTICA EN LOS NEGOCIOS |x MANEJO DE MATERIALES |x PRODUCTIVIDAD INDUSTRIAL |x CONTROL DE CALIDAD |x CALIDAD DEL SERVICIO |9 12347 | ||
| 700 | |a Vallejos Peña, Gisella, 1991- |9 2359 | ||
| 700 | |a Gamboa Hernández, Paola, 1979- |d Directora del TFG |9 307 | ||
| 942 | |c TFG |h TFG 8023 |i 012872 |6 TFG_8023_012872000000000 | ||
| 999 | |c 20055 |d 20055 | ||
